Community Reinvestment Act : hearings before the Subcommittee on Financial Institutions and Consumer Credit of the Committee on Banking and Financial Services, House of Representatives, One Hundred Fourth Congress, first session, March 8, 9, 1995.

Bibliographic Details
Corporate Authors: United States. Congress. House. Committee on Banking and Financial Services. Subcommittee on Financial Institutions and Consumer Credit, ProQuest (Firm)
Format: Government Document eBook
Language:English
Published: Washington : U.S. G.P.O. : 1995.
Series:U.S. Congressional Hearings.
Subjects:
Online Access:Connect to the full text of this electronic book

MARC

Tag First Indicator Second Indicator Subfields
LEADER 00000cam a22000001a 4500
001 in00003253921
005 20190404191407.0
006 m d f
007 cr bn mmmapmmp
008 091024s1995 dcua ob f000 0 eng d
035 |a cis2007464505 
040 |a UMI  |c UMI  |d UtOrBLW 
043 |a n-us--- 
074 |a 1013-A 
074 |a 1013-B (MF) 
086 0 |a Y 4.B 22/1:104-8 
088 |a Serial no. 104-8 (United States. Congress. House. Committee on Banking and Financial Services) 
099 |a HRG-1995-BFS-0006 
110 1 |a United States.  |b Congress.  |b House.  |b Committee on Banking and Financial Services.  |b Subcommittee on Financial Institutions and Consumer Credit. 
245 1 0 |a Community Reinvestment Act :  |b hearings before the Subcommittee on Financial Institutions and Consumer Credit of the Committee on Banking and Financial Services, House of Representatives, One Hundred Fourth Congress, first session, March 8, 9, 1995. 
264 1 |a Washington :  |b U.S. G.P.O. :  |c 1995. 
264 2 |a Washington :  |b For sale by the U.S. G.P.O., Supt. of Docs., Congressional Sales Office, 
300 |a 1 online resource. 
336 |a text  |b txt  |2 rdacontent 
337 |a computer  |b c  |2 rdamedia 
338 |a online resource  |b cr  |2 rdacarrier 
500 |a Record is based on bibliographic data in ProQuest Congressional Hearings Digital Collection. Reuse except for individual research requires license from ProQuest, LLC. 
504 |a Includes bibliographical references. 
538 |a System requirements: PDF reader software. 
500 |a Electronic resource. 
650 0 |a Bank loans  |x Law and legislation  |z United States. 
650 0 |a Community development  |x Law and legislation  |z United States. 
650 0 |a Discrimination in mortgage loans  |x Law and legislation  |z United States. 
655 7 |a Electronic books.  |2 local 
710 2 |a ProQuest (Firm) 
776 0 8 |i Print version:  |a United States. Congress. House. Committee on Banking and Financial Services. Subcommittee on Financial Institutions and Consumer Credit.  |t Community Reinvestment Act  |w (OCoLC)33293190  |w (DGPO)96060477 
776 0 8 |i Microfiche version:  |a United States. Congress. House. Committee on Banking and Financial Services. Subcommittee on Financial Institutions and Consumer Credit.  |t Community Reinvestment Act.  |d [Bethesda, Md.] : ProQuest,[2004]  |o CIS 95 H241-57  |w (ProQuest)cis09500219 
830 0 |a U.S. Congressional Hearings. 
856 4 0 |u http://proxy.library.tamu.edu/login?url=http://congressional.proquest.com/congcomp/getdoc?HEARING-ID=HRG-1995-BFS-0006  |z Connect to the full text of this electronic book  |t 0 
998 |a cis09500219 
999 |a MARS 
999 f f |s 8aed53db-793d-3e0c-8ada-ea24a87f49e2  |i d45205f5-4905-3094-8e5a-795b07dc79e9  |t 0 
952 f f |a Texas A&M University  |b College Station  |c Electronic Resources  |d Available Online  |t 0  |e HRG-1995-BFS-0006  |h Other scheme 
998 f f |a HRG-1995-BFS-0006  |t 0  |l Available Online